[Event "ROM-ch U12"]
[Site "Calimanesti"]
[Date "2015.04.06"]
[Round "9"]
[White "Dinu, Stefan"]
[Black "Ionescu, Mario Valentin"]
[Result "1-0"]
[WhiteElo "1092"]
[BlackElo "1001"]
[PlyCount "69"]
[EventDate "2015.03.30"]
[EventType "swiss"]
[EventRounds "9"]
[EventCountry "ROU"]
[SourceTitle "CBM 165 Extra"]
[Source "ChessBase"]
[SourceDate "2015.04.21"]
[SourceVersion "1"]
[SourceVersionDate "2015.04.21"]
[SourceQuality "1"]

1. e4 e5 2. Nf3 Nc6 3. d4 d5 4. dxe5 dxe4 5. Qxd8+ Nxd8 6. Ng5 Nc6 7. Nxe4 Nb4 8. Na3 Bf5 9. Bd3 Nf6 10. exf6 Nxd3+ 11. cxd3 gxf6 12. Nxf6+ Kd8 13. d4 Bxa3 14. bxa3 Rf8 15. 0-0 b6 16. Bg5 c5 17. Nxh7+ Ke8 18. Rfe1+ Kd7 19. Nxf8+ Rxf8 20. Re7+ Kd8 21. Rxa7+ Ke8 22. Re1+ Be6 23. d5 f6 24. Bh6 Rf7 25. Rxf7 Kxf7 26. dxe6+ Ke7 27. h4 b5 28. h5 b4 29. axb4 cxb4 30. Bg7 Kd6 31. e7 f5 32. e8Q Kc5 33. Qe5+ Kc4 34. Rc1+ Kd3 35. Qe3# 1-0

[Event "ROM-ch U10"]
[Site "Calimanesti"]
[Date "2014.04.12"]
[Round "8"]
[White "Costin, Alexandru"]
[Black "Dinu, Stefan"]
[Result "1-0"]
[WhiteElo "1062"]
[BlackElo "1001"]
[PlyCount "57"]
[EventDate "2014.04.06"]
[EventType "swiss"]
[EventRounds "9"]
[EventCountry "ROU"]
[SourceTitle "CBM 160 Extra"]
[Source "ChessBase"]
[SourceDate "2014.07.01"]
[SourceVersion "1"]
[SourceVersionDate "2014.07.01"]
[SourceQuality "1"]

1. d4 d5 2. Nf3 Nf6 3. c4 e6 4. Nc3 Bd7 5. Bf4 c5 6. e3 Ne4 7. Nxe4 dxe4 8. Ne5 g6 9. Nxd7 Nxd7 10. Bg3 Bg7 11. Be2 Nb6 12. 0-0 cxd4 13. exd4 Qxd4 14. Qxd4 Bxd4 15. Rab1 0-0-0 16. b4 Na4 17. Rfc1 Bc3 18. Rd1 Rxd1+ 19. Bxd1 Nb2 20. a3 f5 21. Bd6 Nxd1 22. Rxd1 b6 23. c5 bxc5 24. bxc5 Kb7 25. Rc1 Bb2 26. Rb1 Rd8 27. Rxb2+ Ka6 28. g3 Ka5 29. Bc7+ 1-0